Electrichemical systems

में बचाया:
ग्रंथसूची विवरण
मुख्य लेखक: Newman, John
स्वरूप: पुस्तक
भाषा:Undetermined
प्रकाशित: New Jersey Wiley 2004
विषय:
टैग : टैग जोड़ें
कोई टैग नहीं, इस रिकॉर्ड को टैग करने वाले पहले व्यक्ति बनें!
Thư viện lưu trữ: Trung tâm Học liệu Trường Đại học Cần Thơ
LEADER 00513nam a2200193Ia 4500
001 CTU_93836
008 210402s9999 xx 000 0 und d
020 |c 111.50 
082 |a 660.297 
082 |b N551 
100 |a Newman, John 
245 0 |a Electrichemical systems 
245 0 |c John Newman, Karen E. Thomas-Alyea 
260 |a New Jersey 
260 |b Wiley 
260 |c 2004 
650 |a Electrochemistry, industrial 
904 |i Tuyến 
980 |a Trung tâm Học liệu Trường Đại học Cần Thơ